Every Song by Joyce Manor - Statistics

General Stats
  • This quiz has been taken 10 times
    2 since last reset
  • The average score is 3 of 65
Answer Stats
Album Song % Correct
Never Hungover Again(2014) Catalina Fight Song
100%
Joyce Manor(2011) Constant Headache
50%
I Used To Go To This Bar(2026) I Used To Go To This Bar
50%
Million Dollars to Kill Me(2018) Million Dollars to Kill Me
50%
Joyce Manor(2011) 21st Dead Rat
0%
I Used To Go To This Bar(2026) After All You Put Me Through
0%
I Used To Go To This Bar(2026) All My Friends Are So Depressed
0%
Cody(2016) Angel in the Snow
0%
Joyce Manor(2011) Ashtray Petting Zoo
0%
Joyce Manor(2011) Beach Community
0%
Million Dollars to Kill Me(2018) Big Lie
0%
Of All Things I Will Soon Grow Tired(2012) Bride of Usher
0%
Joyce Manor(2011) Call Out (Laundry)
0%
Never Hungover Again(2014) Christmas Card
0%
Of All Things I Will Soon Grow Tired(2012) Comfortable Clothes
0%
Joyce Manor(2011) Constant Nothing
0%
40 oz. to Fresno(2022) Dance with Me
0%
Joyce Manor(2011) Derailed
0%
40 oz. to Fresno(2022) Did You Ever Know
0%
40 oz. to Fresno(2022) Don't Try
0%
Cody(2016) Do You Really Want to Not Get Better?
0%
Of All Things I Will Soon Grow Tired(2012) Drainage
0%
Cody(2016) Eighteen
0%
Never Hungover Again(2014) End of the Summer
0%
Cody(2016) Fake I.D.
0%
Never Hungover Again(2014) Falling in Love Again
0%
I Used To Go To This Bar(2026) Falling Into It
0%
Joyce Manor(2011) Famous Friend
0%
Million Dollars to Kill Me(2018) Fighting Kangaroo
0%
Million Dollars to Kill Me(2018) Friends We Met Online
0%
Million Dollars to Kill Me(2018) Gone Tomorrow
0%
40 oz. to Fresno(2022) Gotta Let It Go
0%
I Used To Go To This Bar(2026) Grey Guitar
0%
Never Hungover Again(2014) Heart Tattoo
0%
Never Hungover Again(2014) Heated Swimming Pool
0%
Of All Things I Will Soon Grow Tired(2012) If I Needed You There
0%
I Used To Go To This Bar(2026) I Know Where Mark Chen Lives
0%
Of All Things I Will Soon Grow Tired(2012) I'm Always Tired
0%
Million Dollars to Kill Me(2018) I'm Not the One
0%
Never Hungover Again(2014) In the Army Now
0%
Cody(2016) Last You Heard of Me
0%
Joyce Manor(2011) Leather Jackets
0%
Cody(2016) Make Me Dumb
0%
40 oz. to Fresno(2022) NBTSA
0%
Joyce Manor(2011) Orange Julius
0%
Cody(2016) Over Before It Began
0%
40 oz. to Fresno(2022) Reason to Believe
0%
Cody(2016) Reversing Machine
0%
Never Hungover Again(2014) Schley
0%
40 oz. to Fresno(2022) Secret Sisters
0%
Of All Things I Will Soon Grow Tired(2012) See How Tame I Can Be!
0%
Million Dollars to Kill Me(2018) Silly Games
0%
Cody(2016) Stairs
0%
Never Hungover Again(2014) The Jerk
0%
I Used To Go To This Bar(2026) The Opossum
0%
Of All Things I Will Soon Grow Tired(2012) These Kind of Ice Skates
0%
Million Dollars to Kill Me(2018) Think I'm Still In Love with You
0%
Cody(2016) This Song is a Mess But So Am I
0%
Million Dollars to Kill Me(2018) Up the Punx
0%
Never Hungover Again(2014) Victoria
0%
Of All Things I Will Soon Grow Tired(2012) Violent Inside
0%
I Used To Go To This Bar(2026) Well, Don't It Seem Like You've Been Here Before?
0%
I Used To Go To This Bar(2026) Well, Whatever It Was
0%
Million Dollars to Kill Me(2018) Wildflowers
0%
40 oz. to Fresno(2022) You're Not Famous Anymore
0%
No matching quizzes found
Score Distribution
Percent of People with Each Score
Percentile by Number Answered
Your Score History
You have not taken this quiz since the last reset